<?xml version="1.0" encoding="UTF-8"?>
<record
    xmlns:xsi="http://www.w3.org/2001/XMLSchema-instance"
    xsi:schemaLocation="http://www.loc.gov/MARC21/slim http://www.loc.gov/standards/marcxml/schema/MARC21slim.xsd"
    xmlns="http://www.loc.gov/MARC21/slim">

  <leader>00980na  a2200265   4500</leader>
  <controlfield tag="001">23191</controlfield>
  <controlfield tag="003">MIRAKIL</controlfield>
  <controlfield tag="005">20181213155232.0</controlfield>
  <controlfield tag="008">170803b        tu            000 0      </controlfield>
  <datafield tag="020" ind1=" " ind2=" ">
    <subfield code="a">9786056111808</subfield>
  </datafield>
  <datafield tag="040" ind1=" " ind2=" ">
    <subfield code="a">Milas</subfield>
    <subfield code="b">tur</subfield>
    <subfield code="c">TR-AnCHP</subfield>
  </datafield>
  <datafield tag="041" ind1=" " ind2=" ">
    <subfield code="a">tur</subfield>
  </datafield>
  <datafield tag="100" ind1=" " ind2=" ">
    <subfield code="a">G&#xFC;mr&#xFC;k&#xE7;&#xFC;, Harun</subfield>
  </datafield>
  <datafield tag="245" ind1=" " ind2=" ">
    <subfield code="a">Vizesiz Avrupa'ya giden yol</subfield>
    <subfield code="b">&#x130;ni&#x15F;ler, &#xE7;&#x131;k&#x131;&#x15F;lar, vurdumduymazl&#x131;klar ve bir hak arama kavgas&#x131;n&#x131;n anatomisi</subfield>
    <subfield code="c">Harun G&#xFC;mr&#xFC;k&#xE7;&#xFC;, Beyhan Aksoy</subfield>
  </datafield>
  <datafield tag="246" ind1=" " ind2=" ">
    <subfield code="a">&#x130;ni&#x15F;ler, &#xE7;&#x131;k&#x131;&#x15F;lar, vurdumduymazl&#x131;klar ve bir hak arama kavgas&#x131;n&#x131;n anatomisi</subfield>
  </datafield>
  <datafield tag="260" ind1=" " ind2=" ">
    <subfield code="a">Ankara</subfield>
    <subfield code="b">Vizesiz Avrupa Derne&#x11F;i</subfield>
    <subfield code="b">Vizesiz Avrupa Ara&#x15F;t&#x131;rma Grubu</subfield>
    <subfield code="b">US&#x130;DER</subfield>
    <subfield code="c">2010</subfield>
  </datafield>
  <datafield tag="300" ind1=" " ind2=" ">
    <subfield code="a">138 s.</subfield>
  </datafield>
  <datafield tag="490" ind1=" " ind2=" ">
    <subfield code="a">Vizesiz Avrupa dizisi</subfield>
    <subfield code="v">3</subfield>
  </datafield>
  <datafield tag="500" ind1=" " ind2=" ">
    <subfield code="a">GE&#xC7;&#x130;C&#x130; KATALOG KAYDIDIR.</subfield>
  </datafield>
  <datafield tag="700" ind1=" " ind2=" ">
    <subfield code="a">Aksoy, Beyhan</subfield>
  </datafield>
  <datafield tag="700" ind1=" " ind2=" ">
    <subfield code="a">G&#xFC;mr&#xFC;k&#xE7;&#xFC;, Harun</subfield>
  </datafield>
  <datafield tag="740" ind1=" " ind2=" ">
    <subfield code="a">&#x130;ni&#x15F;ler, &#xE7;&#x131;k&#x131;&#x15F;lar, vurdumduymazl&#x131;klar ve bir hak arama kavgas&#x131;n&#x131;n anatomisi</subfield>
  </datafield>
  <datafield tag="942" ind1=" " ind2=" ">
    <subfield code="2">dcc</subfield>
    <subfield code="c">BKS</subfield>
  </datafield>
  <datafield tag="952" ind1=" " ind2=" ">
    <subfield code="a">0001</subfield>
    <subfield code="b">0001</subfield>
    <subfield code="d">2017-08-03</subfield>
    <subfield code="e">2</subfield>
    <subfield code="l">0</subfield>
    <subfield code="p">017170</subfield>
    <subfield code="r">2017-08-03 00:00:00</subfield>
    <subfield code="v">0.00</subfield>
    <subfield code="w">2017-08-03</subfield>
    <subfield code="y">BKS</subfield>
  </datafield>
  <datafield tag="999" ind1=" " ind2=" ">
    <subfield code="c">9035</subfield>
    <subfield code="d">9035</subfield>
  </datafield>
</record>
